[Event "14th Poti Open-A 2019"]
[Site "Poti"]
[Date "2019.07.18"]
[Round "7.1"]
[White "Babujian, Levon"]
[Black "Gabuzyan, Hovhannes"]
[Result "1-0"]
[WhiteElo "2469"]
[BlackElo "2622"]
[Annotator "TA"]
[PlyCount "157"]
[EventDate "2019.07.13"]
[EventType "swiss"]
[EventCountry "GEO"]
[SourceTitle "playchess.com"]
[Source "ChessBase"]
[SourceQuality "1"]

{[%evp 20,157,0,0,11,18,17,18,19,15,53,40,46,43,44,46,32,35,43,19,69,64,66,48,77,24,25,29,55,59,70,76,106,102,106,114,100,104,156,100,116,96,108,109,110,114,116,33,54,23,26,0,0,0,0,0,267,267,301,116,119,125,124,125,125,133,245,236,275,593,556,699,622,422,718,698,681,700,726,729,700,667,692,692,576,527,991,425,1395,1310,1332,1215,12799,1045,7047,9601,11535,9247,5505,7156,6470,5509,2955,2527,29966,29967,29968,12830,29972,29974,29974,29975,29975,29976,29976,29977,29977,29978,29978,29979,29978,29970,29968,29971,29978,29979,29985,29986,29986,29987,29987,29988,29988,29989,29989,29990,29993,29992,29994,379]} 1. d4 Nf6 2. c4 g6 3. Nc3 Bg7 4. e4 d6 5. Nf3 O-O 6. h3 Nbd7 7. Be3 e5 8. dxe5 dxe5 9. Be2 c6 10. O-O Qe7 11. Qc2 Nc5 {E94: King's Indian: Classical: 6 Be2 e5 7 0-0: Various Black 7th moves} 12. Rfd1 Nh5 13. b4 {[%cal Bb2b4,Bb4b5][%mdl 32]} Ne6 {The position is equal.} 14. c5 a5 15. b5 Nd4 $146 ({Predecessor:} 15... Nhf4 16. Bf1 Nxc5 17. bxc6 bxc6 18. Ne2 Nce6 19. Qxc6 {0-1 (56) Moloney,N (2247)-Hausner,I (2451) Brezova pod Bradlom 2010}) 16. Nxd4 exd4 17. Bxd4 Bxd4 18. Rxd4 Nf4 19. Qd2 (19. Bf1 {looks sharper.} Qg5 20. Kh1 Qxc5 21. Qd2 Qe5 22. Qe3) 19... Qxc5 20. Bf1 Qe5 21. Rd1 Be6 22. a4 (22. h4 $16) 22... Bb3 {...Ne6 is the strong threat.} 23. Rb1 Ne6 24. Rd7 $1 Nc5 25. f4 Qg7 26. Rd6 cxb5 27. Bxb5 Rac8 28. e5 Be6 (28... g5 $142) 29. Re1 ({White should play} 29. Qe3) 29... Qh6 $16 30. Qf2 Kh8 31. Kh2 Bf5 32. Qe3 Qh4 33. Red1 (33. Re2 $16) 33... Ne6 $1 $14 34. Nd5 Rc2 35. Rd2 {Hoping for Rxc2.} Rfc8 36. Rxc2 Rxc2 37. Bd7 g5 $2 {[%mdl 8192]} (37... Kg7 $1 $11) 38. Bxe6 $1 $18 Bxe6 {[#]} 39. fxg5 $2 $40 {[%mdl 128] White attacks with force.} (39. f5 $1 $18 {[%mdl 512]} Bxd5 (39... Bxf5 40. e6) 40. Rxd5 Qf4+ 41. Qxf4 gxf4 42. f6 (42. Rxa5 f3 $14)) 39... Qf2 $16 40. Qxf2 Rxf2 {[%mdl 4096] Endgame KRB-KRN} 41. Nf6 {Intending Rd8+ and mate.} Kg7 42. h4 $1 {aiming for Rd8.} Rc2 (42... Re2 $16 {keeps fighting.}) 43. h5 $1 $18 Rc5 44. Rd8 $1 {[%csl Gf6][%cal Rd8g8]} Rc8 45. Ne8+ Kf8 46. Rxc8 Bxc8 {KB-KN} 47. Nd6 Bg4 {...b6 would now be nice for Black.} 48. h6 b6 49. Nc4 $1 Ke7 50. Nxb6 Ke6 51. Kg3 Be2 52. Kf4 Bd3 53. g3 (53. Nc8 $142 Bc2 54. Nd6) 53... Be2 (53... Ba6 $142 54. Na8 Bc4 55. Nc7+ Kd7) 54. Nc8 Bd1 55. Nd6 $1 {[%cal Rd6b7]} Bxa4 {[#]} 56. Nb7 $1 {[%cal Rb7c5]} Bc2 57. Nxa5 Kd7 58. Nc4 Ke6 59. Nd6 Bg6 60. Ne8 Bb1 61. Ng7+ Kd5 62. g4 Bd3 {[#]} 63. e6 $1 Kd6 (63... fxe6 64. Nf5) 64. exf7 {White mates.} Ke7 65. Nf5+ Kxf7 66. Nh4 Bc2 67. Nf3 Kf8 68. Ne5 Kg8 {[#]} 69. g6 $1 hxg6 (69... Bxg6 70. Nxg6) 70. Kg5 Kh7 71. Nd7 Kg8 72. Kf6 Kh7 {[#]} 73. g5 $1 Kg8 {[#]} 74. Nf8 $1 {[%mdl 512]} Kh8 (74... Kxf8 75. h7) 75. Nxg6+ Kh7 76. Nf8+ Kg8 77. g6 Kh8 78. g7+ Kg8 {[#]} 79. h7+ $1 {[%mdl 64] Promotion. Accuracy: White = 72%, Black = 35%.} 1-0

[Event "14th Poti Open-A 2019"]
[Site "Poti"]
[Date "2019.07.18"]
[Round "7.2"]
[White "Maghalashvili, Davit"]
[Black "Paichadze, Luka"]
[Result "1-0"]
[WhiteElo "2485"]
[BlackElo "2567"]
[Annotator "TA"]
[PlyCount "111"]
[EventDate "2019.07.13"]
[EventType "swiss"]
[EventCountry "GEO"]
[SourceTitle "playchess.com"]
[Source "ChessBase"]
[SourceQuality "1"]

{[%evp 21,111,14,18,22,23,11,20,26,17,18,24,11,7,6,0,4,12,6,0,7,58,58,58,58,46,56,55,51,56,23,38,28,62,56,68,3,75,75,131,140,172,195,234,233,201,213,222,211,217,195,410,356,397,290,381,277,271,270,389,389,389,389,385,381,381,374,374,270,1407,1402,1393,1381,1393,1385,1286,1245,1787,1768,1773,1763,1767,1751,1730,1732,1648,1249,1631,1626,1622,1571,1333,743]} 1. Nf3 Nf6 2. c4 b6 3. g3 Bb7 4. Bg2 e6 5. O-O Be7 6. Nc3 O-O 7. d4 Ne4 8. Nxe4 Bxe4 9. Ne1 Bxg2 10. Nxg2 d5 11. Qa4 c6 12. Bf4 {E18: Queen's Indian: Old Main Line (4 g3 Bb7 5 Bg2 Be7 6 0-0 0-0 7 Nc3)} dxc4 (12... Qd7 13. Rac1 Rd8 14. cxd5 cxd5 15. Qxd7 Nxd7 16. Rc7 Kf8 17. Rfc1 Nf6 18. Ne1 Ne8 19. R7c6 Bd6 {1-0 (49) Ragger,M (2698)-Anton Guijarro,D (2634) Berlin 2015}) 13. Qxc4 b5 $146 (13... Qd5 $5 {[%cal Rd5c4]} 14. Ne3 Qxc4 15. Nxc4 Rd8 $11) ({Predecessor:} 13... Qd5 14. Rac1 Bf6 15. Rfd1 Qxc4 16. Rxc4 Rd8 17. Bc7 Rd7 18. Bxb8 {½-½ (18) Vadasz,L (2275)-Pilgaard,K (2406) Budapest 1999}) 14. Qc3 {The position is equal.} Qb6 15. Rac1 Rc8 16. Bxb8 Raxb8 17. b4 Ra8 18. Ne1 a5 19. a3 $1 axb4 20. axb4 e5 (20... Qd8 $11) 21. dxe5 $14 c5 $1 22. bxc5 $1 Bxc5 23. Qf3 b4 24. Nd3 Bf8 25. Rxc8 Rxc8 26. Rb1 Qa6 27. Qd5 ({And not} 27. Nxb4 Qb6 $17) 27... h6 28. Nf4 (28. Kg2 $14) 28... Re8 (28... Rc5 $11 {keeps the balance.} 29. Qd8 Rc8) 29. Rc1 $16 Qb6 ({Black should try} 29... Qa8) 30. Rc6 Qb7 31. e6 g5 32. exf7+ Qxf7 33. Ne6 Bg7 34. Rb6 Bc3 35. e3 $40 {[%mdl 128] Black is in trouble.} g4 $2 (35... Kh8 36. Kg2 Rf8) 36. Qc4 h5 37. Qd5 {[#] And now Qg5+ would win.} Kh8 38. Nf4 Qxd5 39. Nxd5 Kg7 (39... Rd8 {is a better defense.}) 40. Nxc3 $18 bxc3 {[%mdl 4096] Endgame KR-KR} 41. Rc6 Ra8 42. Rxc3 Kg6 43. Rc2 Ra1+ 44. Kg2 Re1 $2 {[#]} (44... Ra5 45. Rc6+ Kg5) 45. Rc6+ {White is clearly winning.} Kf5 46. h4 gxh3+ 47. Kxh3 Ra1 48. Rc5+ Kg6 49. Kg2 Ra4 50. Kf3 Ra2 51. e4 Rb2 52. Ke3 Ra2 53. f3 Ra8 54. Kf4 Rf8+ 55. Rf5 Ra8 56. g4 {Accuracy: White = 83%, Black = 29%.} 1-0

[Event "14th Poti Open-A 2019"]
[Site "Poti"]
[Date "2019.07.18"]
[Round "7.3"]
[White "Urazayev, Arystanbek"]
[Black "Pantsulaia, Levan"]
[Result "0-1"]
[WhiteElo "2436"]
[BlackElo "2612"]
[Annotator "TA"]
[PlyCount "104"]
[EventDate "2019.07.13"]
[EventType "swiss"]
[EventCountry "GEO"]
[SourceTitle "playchess.com"]
[Source "ChessBase"]
[SourceQuality "1"]

{[%evp 12,104,35,29,50,20,48,0,2,0,27,34,32,20,56,0,0,0,0,0,68,0,37,16,27,11,18,0,0,-29,36,-34,-39,-39,-25,-152,-140,-139,-141,-151,-155,-156,-136,-200,-187,-194,-187,-241,-229,-310,-306,-308,-301,-297,-310,-291,-298,-316,-259,-212,0,-313,-281,-297,-282,-287,-293,-341,-289,-293,-294,-486,-472,-475,-281,-400,-387,-392,-373,-341,-388,-713,-706,-1469,-1414,-1272,-1243,-29986,-29987,-29987,-29987,-29986,-29987,-29987,-29988]} 1. e4 c5 2. Nf3 e6 3. c3 Nf6 4. e5 Nd5 5. d4 cxd4 6. cxd4 Qc7 7. Bd3 b6 {B22: Sicilian: 2 c3} 8. a3 (8. O-O Ba6 9. Bxa6 Nxa6 10. Qe2 Nab4 11. Na3 a6 12. Qe4 b5 13. Bd2 h6 14. Rfc1 Nc6 15. Nc2 {0-1 (37) Shaked,T (2535)-Kobalia,M (2500) Wijk aan Zee 1998}) 8... Ba6 {Strongly threatening ...Bxd3.} 9. Bxa6 Nxa6 {The position is equal.} 10. O-O Be7 11. Bg5 $146 ({Predecessor:} 11. Qd3 Qb7 12. Nc3 Nac7 13. Bg5 f6 14. exf6 Bxf6 15. Ne4 {½-½ (81) Paulik,V (2281)-Ciciotti,A (2386) ICCF email 2011}) 11... f6 12. exf6 gxf6 13. Bh4 (13. Bh6 $14) 13... Rc8 $11 14. Nc3 Nxc3 15. bxc3 Qc4 (15... Qxc3 $11 16. Qe2 Qc4) 16. Re1 ({Better is} 16. Nd2 $14 Qd5 17. Re1) 16... Rg8 17. Nd2 Qd5 {[%csl Gg8][%cal Rd5g2]} 18. Ne4 Rg6 19. Qf3 {[%cal Re4f6]} Kf7 $40 {[%mdl 128] Black has some attack.} 20. Re3 Qf5 ({Black should play} 20... Nc7 $11) 21. Qxf5 (21. Bxf6 $1 $14 Rxf6 22. Qe2) 21... exf5 $15 22. Nd2 Nc7 {Black wants to play ...Rg4.} 23. c4 (23. Rf3 $11 {remains equal.}) 23... Rg4 $1 $17 {[%cal Rg4h4]} 24. Nf3 Ne6 25. Rae1 {With the idea d5.} Bf8 26. h3 Re4 $1 27. Rxe4 (27. c5 $17) 27... fxe4 $19 28. Nd2 {[#]} f5 $1 ({But not} 28... Bxa3 29. d5 $17) ({Much less strong is} 28... Nxd4 29. Rxe4 Nf5 30. a4 $17) 29. d5 (29. g4 $142) 29... Nd4 30. Bg5 Nc2 ({Weaker is} 30... Bxa3 31. Ra1 $15) 31. Rc1 Nxa3 32. f3 exf3 33. Nxf3 Bd6 34. Nd2 Be5 35. Nf3 Bd6 (35... Bb2 $142 36. Rf1 Nxc4) 36. Nd2 Kg6 37. Be3 f4 38. Bf2 Be5 39. c5 Bb2 40. Re1 bxc5 {[%cal Bb6c5,Bc5c4,Bc4c3][%mdl 32]} 41. Ne4 $2 (41. Nf3) 41... c4 42. Nd6 Ra8 (42... Rb8 $142 {Hoping for ...c3.} 43. g3 c3 44. gxf4 c2) 43. Re4 (43. Re7 {was called for.}) 43... c3 {...c2 is the strong threat.} 44. Bd4 Nc2 45. Be5 {[#]} Rf8 $1 46. Nb5 $2 (46. Ra4 Ne3 47. Nc4) 46... Re8 47. Nd6 {[#]} Rxe5 $1 {[%mdl 64] Promotion} 48. Rxe5 Ne3 {( -> ...c2)} 49. h4 c2 {Black mates.} 50. Rg5+ Kf6 51. Ne4+ Kf7 52. Nd6+ Ke7 {Accuracy: White = 35%, Black = 66%.} 0-1

[Event "14th Poti Open-A 2019"]
[Site "Poti"]
[Date "2019.07.18"]
[Round "7.4"]
[White "Nigalidze, Gaioz"]
[Black "Mustafayev, Farid"]
[Result "1-0"]
[WhiteElo "2563"]
[BlackElo "2289"]
[Annotator "ChessBase"]
[PlyCount "61"]
[EventDate "2019.07.13"]
[EventType "swiss"]
[EventCountry "GEO"]
[SourceTitle "playchess.com"]
[Source "ChessBase"]
[SourceQuality "1"]
[TimeControl "40/5400+30:1800+30"]

1. Nf3 {[%emt 0:00:00]} Nf6 {[%emt 0:00:00]} 2. c4 {[%emt 0:00:08]} c5 {[%emt 0:00:18]} 3. Nc3 {[%emt 0:00:00]} d6 {[%emt 0:00:33]} 4. g3 {[%emt 0:00:11]} Nc6 {[%emt 0:01:59]} 5. Bg2 {[%emt 0:00:05]} e5 {[%emt 0:00:39]} 6. O-O {[%emt 0:00:08]} g6 {[%emt 0:00:03]} 7. a3 {[%emt 0:01:10]} a5 {[%emt 0:03:04]} 8. Ne1 {[%emt 0:02:46]} Bg7 {[%emt 0:00:20]} 9. Nc2 {[%emt 0:00:06]} O-O {[%emt 0:00:24]} 10. d3 {[%emt 0:02:09]} Be6 {[%emt 0:01:49]} 11. Bg5 {[%emt 0:00:36]} h6 {[%emt 0:01:41]} 12. Bxf6 {[%emt 0:00:41]} Bxf6 {[%emt 0:00:06]} 13. Rb1 {[%emt 0:00:27]} Rb8 {[%emt 0:18:00]} 14. b4 {[%emt 0:03:35]} cxb4 {[%emt 0:00:06]} 15. axb4 {[%emt 0:00:04]} Bg7 {[%emt 0:00:43]} 16. bxa5 {[%emt 0:13:58]} Nxa5 {[%emt 0:03:10]} 17. Ne3 {[%emt 0:03:15]} f5 {[%emt 0:05:09]} 18. Bd5 {[%emt 0:22:10]} Bxd5 {[%emt 0:02:50]} 19. Nexd5 {[%emt 0:04:12]} Nc6 {[%emt 0:04:26]} 20. e3 {[%emt 0:09:15]} g5 {[%emt 0:07:20]} 21. Qh5 {[%emt 0:04:42]} Kh7 {[%emt 0:04:35]} 22. Rb6 {[%emt 0:02:26]} e4 {[%emt 0:01:20]} 23. d4 {[%emt 0:00:40]} Na5 {[%emt 0:00:20]} 24. Rb4 {[%emt 0:03:03]} Rc8 {[%emt 0:01:59]} 25. Qe2 {[%emt 0:01:59]} Nc6 {[%emt 0:02:01]} 26. Rxb7 {[%emt 0:00:36]} Na5 {[%emt 0:00:04]} 27. Rb4 {[%emt 0:00:37]} Nc6 {[%emt 0:00:45]} 28. Ra4 {[%emt 0:00:51]} f4 {[%emt 0:00:43]} 29. Qc2 {[%emt 0:04:30]} f3 {[%emt 0:00:06]} 30. h3 {[%emt 0:00:42]} Kh8 {[%emt 0:00:16]} 31. Qxe4 {[%emt 0:01:22]} 1-0

[Event "14th Poti Open-A 2019"]
[Site "Poti"]
[Date "2019.07.18"]
[Round "7.5"]
[White "Sanikidze, Tornike"]
[Black "Tutisani, Noe"]
[Result "1-0"]
[WhiteElo "2509"]
[BlackElo "2460"]
[Annotator "ChessBase"]
[PlyCount "57"]
[EventDate "2019.07.13"]
[EventType "swiss"]
[EventCountry "GEO"]
[SourceTitle "playchess.com"]
[Source "ChessBase"]
[SourceQuality "1"]
[TimeControl "40/5400+30:1800+30"]

1. d4 {[%emt 0:08:58]} Nf6 {[%emt 0:00:06]} 2. c4 {[%emt 0:00:35]} g6 {[%emt 0:00:17]} 3. Nc3 {[%emt 0:00:33]} Bg7 {[%emt 0:03:39]} 4. e4 {[%emt 0:00:25]} d6 {[%emt 0:04:35]} 5. Be2 {[%emt 0:06:00]} O-O {[%emt 0:01:26]} 6. Bg5 {[%emt 0:00:14]} c5 {[%emt 0:02:35]} 7. d5 {[%emt 0:00:27]} e6 {[%emt 0:01:54]} 8. Qd2 {[%emt 0:00:58]} exd5 {[%emt 0:01:19]} 9. cxd5 {[%emt 0:00:08]} Nbd7 {[%emt 0:00:07]} 10. f3 {[%emt 0:04:15]} Ne5 {[%emt 0:04:40]} 11. f4 {[%emt 0:11:32]} Ned7 {[%emt 0:00:50]} 12. Nf3 {[%emt 0:00:07]} Re8 {[%emt 0:01:55]} 13. Qc2 {[%emt 0:00:29]} h6 {[%emt 0:02:35]} 14. Bh4 {[%emt 0:00:37]} a6 {[%emt 0:05:13]} 15. a4 {[%emt 0:00:32]} Qa5 {[%emt 0:02:38]} 16. O-O {[%emt 0:18:26]} Ng4 {[%emt 0:03:18]} 17. Rfe1 {[%emt 0:06:24]} c4 {[%emt 0:05:29]} 18. h3 {[%emt 0:12:03]} Qb6+ {[%emt 0:00:31]} 19. Kh1 {[%emt 0:00:35]} Nf2+ {[%emt 0:00:17]} 20. Kh2 {[%emt 0:00:46]} Nd3 {[%emt 0:00:25]} 21. Bxd3 {[%emt 0:03:31]} cxd3 {[%emt 0:00:08]} 22. Qd2 {[%emt 0:00:38]} Qb4 {[%emt 0:05:30]} 23. Bf2 {[%emt 0:01:39]} Qc4 {[%emt 0:13:13]} 24. Rac1 {[%emt 0:05:59]} Nf6 {[%emt 0:03:38]} 25. Bd4 {[%emt 0:12:09]} Bd7 {[%emt 0:08:41]} 26. Nb5 {[%emt 0:01:31]} Qxa4 {[%emt 0:06:53]} 27. Nxd6 {[%emt 0:00:09]} Nxe4 {[%emt 0:00:04]} 28. Nxe4 {[%emt 0:01:40]} Bxd4 {[%emt 0:07:32]} 29. b3 {[%emt 0:00:08]} 1-0

[Event "14th Poti Open-A 2019"]
[Site "Poti"]
[Date "2019.07.18"]
[Round "7.6"]
[White "Hayrapetyan, Hovik"]
[Black "Gharibyan, Mamikon"]
[Result "1/2-1/2"]
[WhiteElo "2465"]
[BlackElo "2350"]
[Annotator "ChessBase"]
[PlyCount "155"]
[EventDate "2019.07.13"]
[EventType "swiss"]
[EventCountry "GEO"]
[SourceTitle "playchess.com"]
[Source "ChessBase"]
[SourceQuality "1"]
[TimeControl "40/5400+30:1800+30"]

1. d4 {[%emt 0:03:05]} Nf6 {[%emt 0:00:00]} 2. Nf3 {[%emt 0:02:24]} e6 {[%emt 0:04:50]} 3. a3 {[%emt 0:01:52]} b5 {[%emt 0:03:12]} 4. Nc3 {[%emt 0:04:54]} b4 {[%emt 0:17:45]} 5. axb4 {[%emt 0:00:54]} Bxb4 {[%emt 0:00:11]} 6. Bd2 {[%emt 0:00:20]} Bb7 {[%emt 0:02:35]} 7. e3 {[%emt 0:01:25]} O-O {[%emt 0:01:01]} 8. Bd3 {[%emt 0:02:19]} c5 {[%emt 0:09:56]} 9. O-O {[%emt 0:07:15]} d5 {[%emt 0:01:52]} 10. Na4 {[%emt 0:07:36]} Bxd2 {[%emt 0:00:55]} 11. Nxc5 {[%emt 0:24:22]} Bb4 {[%emt 0:00:30]} 12. Nxb7 {[%emt 0:00:09]} Qb6 {[%emt 0:00:25]} 13. c3 {[%emt 0:00:05]} Be7 {[%emt 0:05:21]} 14. Na5 {[%emt 0:01:31]} Qxb2 {[%emt 0:00:19]} 15. Qc1 {[%emt 0:04:56]} Qxc1 {[%emt 0:06:24]} 16. Rfxc1 {[%emt 0:00:06]} Rc8 {[%emt 0:10:04]} 17. c4 {[%emt 0:05:21]} dxc4 {[%emt 0:02:18]} 18. Bxc4 {[%emt 0:02:08]} Nbd7 {[%emt 0:00:45]} 19. Ba6 {[%emt 0:05:30]} Rxc1+ {[%emt 0:05:25]} 20. Rxc1 {[%emt 0:00:07]} Bd8 {[%emt 0:09:01]} 21. Nc6 {[%emt 0:00:06]} Bb6 {[%emt 0:00:11]} 22. Nd2 {[%emt 0:00:17]} Re8 {[%emt 0:05:30]} 23. Nc4 {[%emt 0:03:21]} Nb8 {[%emt 0:01:28]} 24. Nxb8 {[%emt 0:06:13]} Rxb8 {[%emt 0:00:03]} 25. Ne5 {[%emt 0:00:06]} Nd5 {[%emt 0:03:24]} 26. Nc6 {[%emt 0:00:19]} Re8 {[%emt 0:01:18]} 27. Kf1 {[%emt 0:00:30]} Kf8 {[%emt 0:00:39]} 28. Ke2 {[%emt 0:00:20]} Nf6 {[%emt 0:04:44]} 29. f4 {[%emt 0:05:26]} Nd7 {[%emt 0:00:54]} 30. Bb7 {[%emt 0:03:55]} f6 {[%emt 0:01:42]} 31. Kd3 {[%emt 0:01:45]} Nb8 {[%emt 0:00:20]} 32. Nxb8 {[%emt 0:01:34]} Rxb8 {[%emt 0:00:04]} 33. Bc8 {[%emt 0:00:03]} e5 {[%emt 0:01:01]} 34. fxe5 {[%emt 0:00:05]} fxe5 {[%emt 0:00:03]} 35. d5 {[%emt 0:01:03]} Bd8 {[%emt 0:01:04]} 36. Ke4 {[%emt 0:00:10]} Rb3 {[%emt 0:01:14]} 37. d6 {[%emt 0:03:16]} Kf7 {[%emt 0:01:22]} 38. Rf1+ {[%emt 0:01:41]} Bf6 {[%emt 0:00:12]} 39. Ba6 {[%emt 0:01:30]} Rb6 {[%emt 0:00:34]} 40. Bc4+ {[%emt 0:00:00]} Ke8 {[%emt 0:00:00]} 41. Bg8 {[%emt 0:02:15]} Rxd6 {[%emt 0:00:53]} 42. Bxh7 {[%emt 0:04:03]} Rd2 {[%emt 0:02:18]} 43. Kf3 {[%emt 0:00:04]} a5 {[%emt 0:01:07]} 44. Rb1 {[%emt 0:04:05]} a4 {[%emt 0:03:41]} 45. Bg6+ {[%emt 0:00:11]} Kd7 {[%emt 0:01:20]} 46. Rb7+ {[%emt 0:00:26]} Kd6 {[%emt 0:00:33]} 47. Ra7 {[%emt 0:00:14]} Ra2 {[%emt 0:00:27]} 48. e4 {[%emt 0:02:46]} Kc5 {[%emt 0:00:43]} 49. Bf7 {[%emt 0:00:39]} Ra1 {[%emt 0:00:48]} 50. Kg4 {[%emt 0:00:38]} Kd4 {[%emt 0:00:45]} 51. Bd5 {[%emt 0:00:31]} Ke3 {[%emt 0:02:12]} 52. g3 {[%emt 0:02:34]} Kf2 {[%emt 0:06:53]} 53. Rc7 {[%emt 0:00:16]} Re1 {[%emt 0:01:23]} 54. Ra7 {[%emt 0:02:56]} Rh1 {[%emt 0:02:04]} 55. Rxa4 {[%emt 0:00:55]} Rxh2 {[%emt 0:00:03]} 56. Ra2+ {[%emt 0:01:15]} Kg1 {[%emt 0:00:02]} 57. Ra3 {[%emt 0:00:16]} Kf2 {[%emt 0:00:32]} 58. Rf3+ {[%emt 0:00:54]} Kg2 {[%emt 0:00:35]} 59. Bc4 {[%emt 0:00:20]} Rh6 {[%emt 0:00:45]} 60. Bf7 {[%emt 0:02:44]} Rh2 {[%emt 0:00:54]} 61. Rb3 {[%emt 0:03:30]} Kf2 {[%emt 0:00:21]} 62. Bc4 {[%emt 0:02:44]} Rh6 {[%emt 0:00:56]} 63. Rb2+ {[%emt 0:00:29]} Ke3 {[%emt 0:00:35]} 64. Re2+ {[%emt 0:00:06]} Kd4 {[%emt 0:00:01]} 65. Bd5 {[%emt 0:00:02]} Kd3 {[%emt 0:00:57]} 66. Ra2 {[%emt 0:04:49]} Ke3 {[%emt 0:00:10]} 67. Ra3+ {[%emt 0:01:29]} Kf2 {[%emt 0:00:09]} 68. Bf7 {[%emt 0:00:50]} Rh2 {[%emt 0:00:23]} 69. Be8 {[%emt 0:00:10]} Rh1 {[%emt 0:00:39]} 70. Bg6 {[%emt 0:01:03]} Rh6 {[%emt 0:02:00]} 71. Ra2+ {[%emt 0:00:26]} Ke3 {[%emt 0:00:16]} 72. Kf5 {[%emt 0:00:34]} Rh3 {[%emt 0:02:22]} 73. g4 {[%emt 0:00:26]} Rf3+ {[%emt 0:00:39]} 74. Ke6 {[%emt 0:00:07]} Rf2 {[%emt 0:01:07]} 75. Ra1 {[%emt 0:04:03]} Kf4 {[%emt 0:00:30]} 76. Bf5 {[%emt 0:00:02]} Kg5 {[%emt 0:01:42]} 77. Ra8 {[%emt 0:00:20]} Rh2 {[%emt 0:00:28]} 78. Rb8 {[%emt 0:00:30]} 1/2-1/2

[Event "14th Poti Open-A 2019"]
[Site "Poti"]
[Date "2019.07.18"]
[Round "7.7"]
[White "Arabidze, Meri"]
[Black "Shahinyan, David"]
[Result "0-1"]
[WhiteElo "2402"]
[BlackElo "2445"]
[Annotator "RC"]
[PlyCount "102"]
[EventDate "2019.07.13"]
[EventType "swiss"]
[EventCountry "GEO"]
[SourceTitle "playchess.com"]
[Source "ChessBase"]
[SourceQuality "1"]
[TimeControl "40/5400+30:1800+30"]

1. d4 {[%emt 0:03:00]} Nf6 {[%emt 0:00:18]} 2. c4 {[%emt 0:00:11]} c5 {[%emt 0:00:35]} 3. d5 {[%emt 0:00:19]} e6 {[%emt 0:00:35]} 4. Nc3 {[%emt 0:00:15]} exd5 {[%emt 0:00:10]} 5. cxd5 {[%emt 0:00:02]} d6 {[%emt 0:00:07]} 6. e4 {[%emt 0:00:22]} g6 {[%emt 0:00:05]} 7. Nge2 {[%emt 0:01:10]} Bg7 {[%emt 0:01:10]} 8. Ng3 {[%emt 0:00:08]} a6 {[%emt 0:00:18]} 9. a4 {[%emt 0:00:06]} h5 {[%emt 0:00:01]} 10. Be2 {[%emt 0:00:35]} Qe7 {[%emt 0:00:00]} 11. f3 {[%emt 0:05:12]} Nbd7 {[%emt 0:01:55]} 12. O-O {[%emt 0:01:50]} h4 {[%emt 0:00:06]} 13. Nh1 {[%emt 0:00:12]} Nh5 {[%emt 0:00:01]} 14. Be3 {[%emt 0:21:08]} f5 {[%emt 0:01:48]} 15. f4 {[%emt 0:01:47]} h3 {[%emt 0:18:05]} 16. Bxh5 {[%emt 0:06:56]} Rxh5 {[%emt 0:02:25]} 17. g4 {[%emt 0:10:21]} Rh4 {[%emt 0:03:24]} 18. gxf5 {[%emt 0:02:18]} Bxc3 {[%emt 0:01:46]} 19. bxc3 {[%emt 0:00:41]} Qxe4 {[%emt 0:00:05]} 20. Qf3 {[%emt 0:09:57]} gxf5 {[%emt 0:10:07]} 21. Rae1 {[%emt 0:08:16]} Qxf3 {[%emt 0:07:26]} 22. Rxf3 {[%emt 0:00:15]} Kf8 {[%emt 0:00:06]} 23. Nf2 {[%emt 0:03:58]} Nb6 {[%emt 0:01:40]} 24. Bd2 {[%emt 0:03:49]} Bd7 {[%emt 0:01:55]} 25. a5 {[%emt 0:07:01]} Nc4 {[%emt 0:03:00]} 26. Bc1 {[%emt 0:01:13]} Re8 {[%emt 0:00:10]} 27. Rxe8+ Bxe8 {[%emt 0:00:04]} 28. Nxh3 {[%emt 0:01:36]} Bh5 {[%emt 0:00:45]} 29. Rd3 {[%emt 0:01:45]} Be2 {[%emt 0:00:03]} 30. Rg3 {[%emt 0:00:08]} Rg4 {[%emt 0:00:01]} 31. Rxg4 Bxg4 {[%emt 0:00:05]} 32. Ng5 {[%emt 0:01:56]} Nxa5 {[%emt 0:00:27]} 33. Kf2 {[%emt 0:01:01]} Nc4 {[%emt 0:00:07]} 34. h3 {[%emt 0:00:50]} Bh5 {[%emt 0:00:35]} 35. Ne6+ {[%emt 0:01:34]} Ke7 {[%emt 0:00:05]} 36. Kg3 {[%emt 0:01:51]} Kf6 {[%emt 0:00:37]} 37. Nc7 {[%emt 0:02:03]} Bf7 {[%emt 0:01:26]} 38. Kh4 {[%emt 0:00:54]} a5 {[%emt 0:03:46]} 39. Nb5 {[%emt 0:01:21]} Bxd5 {[%emt 0:04:42]} 40. Kh5 {[%emt 0:00:00]} Bf7+ {[%emt 0:00:00]} 41. Kh6 {[%emt 0:00:46]} d5 {[%emt 0:04:14]} 42. h4 {[%emt 0:00:33]} Be8 {[%emt 0:02:31]} 43. Nc7 {[%emt 0:07:29]} Bc6 {[%emt 0:00:50]} 44. h5 {[%emt 0:00:23]} d4 {[%emt 0:00:04]} 45. cxd4 {[%emt 0:01:58]} cxd4 {[%emt 0:00:01]} 46. Kh7 {[%emt 0:04:58]} Kf7 {[%emt 0:00:10]} 47. h6 {[%emt 0:07:33]} d3 {[%emt 0:00:16]} 48. Kh8 {[%emt 0:00:36]} a4 {[%emt 0:00:05]} 49. h7 {[%emt 0:01:43]} a3 {[%emt 0:00:56]} 50. Ne6 {[%emt 0:04:03]} a2 {[%emt 0:00:47]} 51. Nd8+ {[%emt 0:03:26]} Kg6 {[%emt 0:00:10]} 0-1